[Event "Sunnyvale 1000 IM Winter 12"]
[Site "Sunnyvale"]
[Date "2023.12.27"]
[Round "3"]
[White "Calderin Gonzalez, Roberto"]
[Black "Suarez, Sebastian"]
[Result "1/2-1/2"]
[WhiteElo "2413"]
[BlackElo "2060"]
[PlyCount "112"]
[EventDate "2023.12.26"]
[EventType "schev"]
[EventRounds "9"]
[EventCountry "USA"]
[SourceTitle "CB01_2024"]
[SourceDate "2024.01.03"]
[SourceVersion "1"]
[SourceVersionDate "2024.01.03"]
[SourceQuality "1"]

1. d4 d5 2. Nf3 Nf6 3. c4 c6 4. e3 Bf5 5. Nc3 e6 6. Nh4 Be4 7. f3 Bg6 8. g3 Be7 9. cxd5 cxd5 10. Qb3 Qc7 11. Bd2 Nc6 12. Rc1 0-0 13. Na4 Rac8 14. Bb5 Nd7 15. Nxg6 hxg6 16. Kf2 Qd6 17. Rhd1 Rfd8 18. Be2 Qb8 19. Rc2 Bd6 20. Rdc1 Ne7 21. Bb4 Bxb4 22. Qxb4 Kf8 23. Bb5 Rxc2+ 24. Rxc2 Nf6 25. Nc5 Rc8 26. Bd7 Rxc5 27. Qxc5 Nxd7 28. Qc7 Ke8 29. Qxb8+ Nxb8 30. Rc7 Kd8 31. Rxb7 Nbc6 32. Ke2 Kc8 33. Rb5 Nf5 34. Rc5 Kb7 35. Kd2 g5 36. Rc1 Nd6 37. b3 a6 38. a3 Nb5 39. h4 gxh4 40. gxh4 g6 41. a4 Nd6 42. h5 gxh5 43. Rh1 f5 44. Rxh5 f4 45. exf4 Nxd4 46. b4 N6f5 47. Rh7+ Kb6 48. Kd3 Nxf3 49. a5+ Kc6 50. Ra7 Kb5 51. Rb7+ Ka4 52. Rb6 N3d4 53. Rxa6 Kxb4 54. Ra8 Kb5 55. a6 Kb6 56. Kd2 Kb5 1/2-1/2

[Event "Sunnyvale 1000 Schev 2 11"]
[Site "Sunnyvale"]
[Date "2023.11.12"]
[Round "5.4"]
[White "Zaloznyy, Mike"]
[Black "Suarez, Sebastian"]
[Result "1/2-1/2"]
[WhiteElo "2169"]
[BlackElo "2065"]
[PlyCount "30"]
[EventDate "2023.11.10"]
[EventType "schev"]
[EventRounds "6"]
[EventCountry "USA"]
[SourceTitle "CB47_2023"]
[SourceDate "2023.11.22"]
[SourceVersion "1"]
[SourceVersionDate "2023.11.22"]
[SourceQuality "1"]

1. Nf3 d5 2. g3 Bg4 3. Bg2 e6 4. 0-0 Nf6 5. c4 c6 6. Qb3 Qb6 7. d3 Qxb3 8. axb3 Bxf3 9. Bxf3 Na6 10. Be3 Bc5 11. Rxa6 Bxe3 12. Ra2 Bc5 13. Nc3 Ke7 14. Rfa1 a6 15. Ra4 Nd7 1/2-1/2

[Event "Sunnyvale 1000 Schev 2 11"]
[Site "Sunnyvale"]
[Date "2023.11.11"]
[Round "2.4"]
[White "Panek, Bartosz"]
[Black "Suarez, Sebastian"]
[Result "1/2-1/2"]
[WhiteElo "2246"]
[BlackElo "2065"]
[PlyCount "50"]
[EventDate "2023.11.10"]
[EventType "schev"]
[EventRounds "6"]
[EventCountry "USA"]
[SourceTitle "CB47_2023"]
[SourceDate "2023.11.22"]
[SourceVersion "1"]
[SourceVersionDate "2023.11.22"]
[SourceQuality "1"]

1. e4 c5 2. Nf3 e6 3. c3 Nf6 4. e5 Nd5 5. d4 cxd4 6. cxd4 d6 7. Nc3 Nxc3 8. bxc3 Qc7 9. Bd2 Nd7 10. Qa4 dxe5 11. Nxe5 Bd6 12. Nxd7 Bxd7 13. Bb5 a6 14. Bxd7+ Qxd7 15. Qxd7+ Kxd7 16. Ke2 Rhc8 17. Kd3 b5 18. a4 Kc6 19. Rhb1 Rcb8 20. h3 Rd8 21. Ke4 Rdb8 22. Ra2 h6 23. g4 Rc8 24. Rab2 Rcb8 25. Ra2 Rc8 1/2-1/2

[Event "Sunnyvale 1000 Schev 2 11"]
[Site "Sunnyvale"]
[Date "2023.11.10"]
[Round "1.4"]
[White "Suarez, Sebastian"]
[Black "Zuluaga Mancilla, Cesar"]
[Result "0-1"]
[WhiteElo "2065"]
[BlackElo "2237"]
[PlyCount "68"]
[EventDate "2023.11.10"]
[EventType "schev"]
[EventRounds "6"]
[EventCountry "USA"]
[SourceTitle "CB47_2023"]
[SourceDate "2023.11.22"]
[SourceVersion "1"]
[SourceVersionDate "2023.11.22"]
[SourceQuality "1"]

1. e4 c5 2. Nf3 a6 3. c4 e6 4. Nc3 Qc7 5. d4 cxd4 6. Nxd4 Nf6 7. a3 b6 8. Be3 Bb7 9. f3 d6 10. Be2 Nbd7 11. Qd2 Rc8 12. Rc1 Be7 13. 0-0 0-0 14. b4 Rfe8 15. Rfd1 Qb8 16. Bf1 Bd8 17. Qf2 Bc7 18. Qh4 Ne5 19. Na4 Ng6 20. Qh3 d5 21. exd5 exd5 22. Nf5 Bc6 23. b5 Bd7 24. Bg5 Nf4 25. Qh4 Bxf5 26. Bxf6 gxf6 27. Qxf6 Bg6 28. bxa6 Ne2+ 29. Bxe2 Rxe2 30. Qh4 Bf4 31. Rc3 Qe5 32. Kf1 Re8 33. cxd5 Bxh2 34. f4 Qe4 0-1

[Event "Sunnyvale 1000-C 09"]
[Site "Sunnyvale"]
[Date "2023.09.17"]
[Round "5"]
[White "Suarez, Sebastian"]
[Black "Contreras, Henry"]
[Result "1-0"]
[WhiteElo "1933"]
[BlackElo "2151"]
[PlyCount "54"]
[EventDate "2023.09.16"]
[EventType "schev"]
[EventRounds "5"]
[EventCountry "USA"]
[SourceTitle "EXT 2024"]
[Source "ChessBase"]
[SourceDate "2023.10.10"]
[SourceVersion "1"]
[SourceVersionDate "2023.10.10"]
[SourceQuality "1"]

1. e4 c5 2. Nf3 a6 3. d4 cxd4 4. Nxd4 d6 5. Nc3 Nf6 6. f3 e6 7. Be3 b5 8. Qd2 Bb7 9. g4 Nfd7 10. 0-0-0 Nb6 11. Nb3 Nc4 12. Bxc4 bxc4 13. Nd4 Nd7 14. h4 Be7 15. g5 Qa5 16. Kb1 Rb8 17. Ka1 Nb6 18. h5 d5 19. exd5 Nxd5 20. Nxd5 Qxd5 21. Qe1 Rd8 22. Rc1 0-0 23. g6 fxg6 24. hxg6 hxg6 25. Qg3 e5 26. Qxg6 exd4 27. Rh7 Qf7 1-0

[Event "Barcelona Sant Marti op-A 23rd"]
[Site "Barcelona"]
[Date "2023.07.17"]
[Round "5"]
[White "Suarez, Sebastian"]
[Black "Kumar, Sanjit S"]
[Result "1-0"]
[WhiteElo "1906"]
[BlackElo "1803"]
[PlyCount "65"]
[EventDate "2023.07.13"]
[EventType "swiss"]
[EventRounds "9"]
[EventCountry "ESP"]
[SourceTitle "CBM 215 Extra"]
[Source "ChessBase"]
[SourceDate "2023.09.30"]
[SourceVersion "1"]
[SourceVersionDate "2023.09.30"]
[SourceQuality "1"]

1. e4 e6 2. d4 d5 3. Nc3 Bb4 4. e5 c5 5. a3 Bxc3+ 6. bxc3 Ne7 7. Qg4 Qc7 8. Bd3 c4 9. Be2 Qa5 10. Bd2 Nbc6 11. Nh3 Bd7 12. Nf4 Nf5 13. Nh5 0-0-0 14. Qh3 Rhg8 15. g4 Nfe7 16. a4 Rdf8 17. g5 Nf5 18. Bg4 Nce7 19. Ke2 Rh8 20. Qf3 Bc6 21. Bc1 Rhg8 22. Ba3 Kd7 23. Bxf5 exf5 24. Kd2 Qd8 25. h4 Ke6 26. Rhe1 g6 27. Nf4+ Kd7 28. e6+ Kc8 29. exf7 Rxf7 30. Re5 Re8 31. Rae1 a6 32. Qe3 Kd7 33. a5 1-0

[Event "Barcelona Sant Marti op-A 23rd"]
[Site "Barcelona"]
[Date "2023.07.16"]
[Round "4"]
[White "Navarro Gutierrez, Andres Camilo"]
[Black "Suarez, Sebastian"]
[Result "1-0"]
[WhiteElo "2025"]
[BlackElo "1906"]
[PlyCount "73"]
[EventDate "2023.07.13"]
[EventType "swiss"]
[EventRounds "9"]
[EventCountry "ESP"]
[SourceTitle "CBM 215 Extra"]
[Source "ChessBase"]
[SourceDate "2023.09.30"]
[SourceVersion "1"]
[SourceVersionDate "2023.09.30"]
[SourceQuality "1"]

1. d4 d5 2. Nf3 Nf6 3. Bf4 e6 4. e3 c5 5. c3 Bd6 6. Bxd6 Qxd6 7. Ne5 Nc6 8. f4 Bd7 9. Nd2 0-0 10. Bd3 c4 11. Bc2 b5 12. a3 a5 13. 0-0 b4 14. axb4 axb4 15. Rxa8 Rxa8 16. g4 b3 17. Bb1 g6 18. Qe1 Ra1 19. Qh4 Kg7 20. Nxf7 Qe7 21. Ne5 Nxe5 22. fxe5 Ng8 23. g5 Ra8 24. Rf3 Be8 25. Qf4 Bd7 26. Rh3 Be8 27. Kg2 Qf7 28. Qh4 Kh8 29. Rf3 Qe7 30. Qf4 Kg7 31. Rf1 Bd7 32. h4 Rf8 33. Qf6+ Qxf6 34. exf6+ Kf7 35. Nf3 Ke8 36. Ne5 Kd8 37. h5 1-0